000 00296nam a2200133Ia 4500
100 _aSadasivan/T.A/ Sarathy/D
942 _cBK
654 _amachining
245 _aCutting tools for productive machining
260 _bWIDIA
_c1999
082 _a671.53
_bSAD
546 _aENGLISH
999 _c26979
_d26979